| 000 | 00598nam a2200193 i 4500 | ||
|---|---|---|---|
| 001 | bg | ||
| 100 | 1 | _aGLAZER, Wiktor | |
| 245 | 0 |
_aTechnologia ogólna / _cWiktor Glazer. |
|
| 260 |
_aKielce, _c1971. |
||
| 300 |
_as. 285, 1 nlb. : _bilustr., tab. |
||
| 490 | 1 |
_aSkrypty Uczelniane / Kielecko-Radomska Wyższa Szkoła Inżynierska ; _vnr 2 |
|
| 504 | _a[Zawiera bibliogr. s. 274-278]. | ||
| 830 | 0 |
_aSkrypty Uczelniane (Kielecko-Radomska Wyższa Szkoła Inżynierska) ; _vnr 2 |
|
| 040 | _cBPK | ||
| 041 | _apol | ||
| 080 | _a62+66 | ||
| 942 | _cKS | ||
| 008 | s pl f |000 0 pol | ||
| 999 |
_c7451 _d7451 |
||
| 856 |
_uhttp://koha.tu.koszalin.pl/cgi-bin/koha/opac-detail.pl?biblionumber=7451 _yKatalog online BPK |
||